[Event "Agosto de Victorias op"]
[Site "Mayabeque"]
[Date "2018.08.05"]
[Round "3"]
[White "Lopez Betancourt, Bryan"]
[Black "Diaz Hernandez, Jairo"]
[Result "1-0"]
[WhiteElo "1895"]
[BlackElo "1713"]
[PlyCount "119"]
[EventDate "2018.08.04"]
[EventType "swiss"]
[EventRounds "9"]
[EventCountry "CUB"]
[SourceTitle "EXT 2021"]
[Source "ChessBase"]
[SourceDate "2020.10.23"]
[SourceVersion "1"]
[SourceVersionDate "2020.10.23"]
[SourceQuality "1"]

1. e4 d6 2. d4 Nf6 3. Nc3 g6 4. Nf3 Bg7 5. Bc4 0-0 6. 0-0 Bg4 7. h3 Bxf3 8. Qxf3 Nc6 9. Be3 e5 10. d5 Nd4 11. Bxd4 exd4 12. Nb5 Re8 13. Rfe1 Nd7 14. Rad1 Ne5 15. Qb3 a6 16. Nxd4 Nxc4 17. Qxc4 Qd7 18. Qb3 c5 19. dxc6 bxc6 20. Qa4 Qb7 21. b3 c5 22. Nf3 Rad8 23. Qc4 Qb5 24. Qd5 Qb6 25. Ng5 Qc7 26. Qc4 Qb7 27. Nf3 Qb5 28. Qd3 Qb6 29. Nd2 Qc6 30. Nc4 Re6 31. Qd5 Qc7 32. e5 Bf8 33. Re3 Be7 34. exd6 Bxd6 35. Nxd6 Rexd6 36. Re8+ Rxe8 37. Qxd6 Qxd6 38. Rxd6 Re1+ 39. Kh2 Re2 40. Rxa6 Rxc2 41. f3 Kf8 42. h4 Ke7 43. Kh3 c4 44. bxc4 Rxc4 45. a4 h5 46. Ra7+ Ke6 47. a5 f6 48. Rb7 Ra4 49. Rb6+ Ke7 50. a6 g5 51. hxg5 fxg5 52. Rb7+ Ke6 53. Ra7 Ke5 54. Ra8 Kf4 55. a7 g4+ 56. Kh2 gxf3 57. Rf8+ Ke3 58. a8Q Rh4+ 59. Kg3 Rg4+ 60. Kh3 1-0

[Event "Descubriendo un Capablanca tt"]
[Site "Havana"]
[Date "2018.??.??"]
[Round "5.1"]
[White "Gonzalez Gomez, Ariel"]
[Black "Lopez Betancourt, Bryan"]
[Result "0-1"]
[WhiteElo "1745"]
[BlackElo "1883"]
[PlyCount "74"]
[EventDate "2018.07.02"]
[EventType "team-tourn"]
[EventRounds "10"]
[EventCountry "CUB"]
[SourceTitle "EXT 2021"]
[Source "ChessBase"]
[SourceDate "2020.10.23"]
[SourceVersion "1"]
[SourceVersionDate "2020.10.23"]
[SourceQuality "1"]

1. d4 e6 2. Nf3 Nf6 3. e3 d5 4. c4 Bb4+ 5. Nc3 Bd7 6. Qc2 0-0 7. cxd5 exd5 8. Bd3 c6 9. 0-0 Bg4 10. Ne5 Bh5 11. f4 Bg6 12. Nxg6 fxg6 13. Rf3 Bxc3 14. bxc3 Nbd7 15. Rh3 c5 16. Qd1 c4 17. Bc2 Qa5 18. Bd2 Rfe8 19. f5 g5 20. Rg3 h6 21. a4 Qc7 22. Ra2 Ne4 23. Bxe4 Rxe4 24. Be1 Rae8 25. Bf2 Nf6 26. Rf3 Ng4 27. Bg3 Qe7 28. h3 Nxe3 29. Qe2 g4 30. hxg4 Nxg4 31. Qd2 Re2 32. Qxe2 Qxe2 33. Rxe2 Rxe2 34. f6 gxf6 35. Rf4 h5 36. Rf5 Rc2 37. Rxh5 Rc1+ 0-1

[Event "Descubriendo un Capablanca tt"]
[Site "Havana"]
[Date "2018.??.??"]
[Round "1.1"]
[White "Osorio Martinez, Robin"]
[Black "Lopez Betancourt, Bryan"]
[Result "1/2-1/2"]
[WhiteElo "1645"]
[BlackElo "1883"]
[PlyCount "20"]
[EventDate "2018.07.02"]
[EventType "team-tourn"]
[EventRounds "10"]
[EventCountry "CUB"]
[SourceTitle "EXT 2021"]
[Source "ChessBase"]
[SourceDate "2020.10.23"]
[SourceVersion "1"]
[SourceVersionDate "2020.10.23"]
[SourceQuality "1"]

1. e4 e5 2. Nf3 Nc6 3. Bc4 Bc5 4. 0-0 Nf6 5. d3 h6 6. Nc3 d6 7. h3 Be6 8. Be3 Qd7 9. Qe2 0-0-0 10. Rfd1 Kb8 1/2-1/2

[Event "Bogota Navidad op"]
[Site "Bogota"]
[Date "2016.12.10"]
[Round "7"]
[White "Lopez Betancourt, Bryan"]
[Black "Ruiz Agudelo, Santiago"]
[Result "0-1"]
[WhiteElo "1761"]
[BlackElo "1912"]
[PlyCount "48"]
[EventDate "2016.12.07"]
[EventType "swiss"]
[EventRounds "9"]
[EventCountry "COL"]
[SourceTitle "CBM 176 Extra"]
[Source "ChessBase"]
[SourceDate "2017.03.02"]
[SourceVersion "1"]
[SourceVersionDate "2017.03.02"]
[SourceQuality "1"]

1. Nf3 d5 2. g3 Nf6 3. Bg2 c6 4. 0-0 e6 5. d3 Bd6 6. Nbd2 Nbd7 7. e4 0-0 8. Re1 Qc7 9. Nf1 h6 10. e5 Nxe5 11. d4 Nxf3+ 12. Qxf3 e5 13. dxe5 Bxe5 14. Ne3 Re8 15. c4 Bd4 16. Bd2 dxc4 17. Nxc4 Bg4 18. Qf4 Qxf4 19. Bxf4 Re2 20. Rxe2 Bxe2 21. Na5 Ba6 22. Rd1 Bb6 23. Nb3 Ng4 24. Rd2 Re8 0-1